Modern welding technology (Record no. 13532)

000 -LEADER
fixed length control field 00490nam a2200193 i 4500
001 - CONTROL NUMBER
control field 13532
003 - CONTROL NUMBER IDENTIFIER
control field BD-DhUET
008 - FIXED-LENGTH DATA ELEMENTS--GENERAL INFORMATION
fixed length control field 780223s1979 njua b 001 0 eng
020 ## - INTERNATIONAL STANDARD BOOK NUMBER
International Standard Book Number 0135992907
040 ## - CATALOGING SOURCE
Original cataloging agency DLC
Transcribing agency DLC
Modifying agency BD-DhUET
082 00 - DEWEY DECIMAL CLASSIFICATION NUMBER
Classification number 671.52
Item number CAR/1979
100 1# - MAIN ENTRY--PERSONAL NAME
Personal name Cary, Howard B.
245 10 - TITLE STATEMENT
Title Modern welding technology
250 ## - EDITION STATEMENT
Edition statement 1st ed.
260 ## - PUBLICATION, DISTRIBUTION, ETC. (IMPRINT)
Place of publication, distribution, etc. Englewood Cliffs, N.J.
Name of publisher, distributor, etc. Prentice-Hall
Date of publication, distribution, etc. 1979
300 ## - PHYSICAL DESCRIPTION
Extent x, 736 p.
Other physical details ill.
Dimensions 29 cm.
650 #0 - SUBJECT ADDED ENTRY--TOPICAL TERM
Topical term or geographic name as entry element Welding.
942 ## - ADDED ENTRY ELEMENTS (KOHA)
Koha item type General Book
Holdings
Not for loan Copy number Koha normalized classification for sorting Damaged status Source of classification or shelving scheme Shelving location Piece designation (barcode) Location (home branch) Koha date last borrowed Date acquired Lost status Koha date last seen Sublocation or collection (holding branch) Koha item type Koha full call number Koha issues (times borrowed) Price effective from Withdrawn status
 1671_520000000000000_CAR_1979  Circulation section55665Central Library, BUET 2015-03-03 2015-03-03Central Library, BUETGeneral Book671.52/CAR/1979 2015-03-03 
 2671_520000000000000_CAR_1979  Circulation section55638Central Library, BUET2017-10-032015-03-03 2018-03-21Central Library, BUETGeneral Book671.52/CAR/197912015-03-03